| 000 | 00635 a2200193 4500 | ||
|---|---|---|---|
| 020 | _a3642052207 | ||
| 020 | _a9783642052200 | ||
| 082 | _a515.352 | ||
| 090 |
_c1694 _d1694 |
||
| 100 | 1 | _aHairer, Ernst. | |
| 245 | 1 | 0 |
_aSolving ordinary differential equations ii : _bstiff and differential-algebraic problems / _cErnst Hairer, Gerhard Wanner. |
| 250 | _a2nd Revised ed. | ||
| 260 |
_a[S.l.] : _bSpringer, _c2010. |
||
| 300 |
_a614 p. ; _c24 cm. |
||
| 490 | 1 | _aSpringer series in computational mathematics. | |
| 700 | 1 | _aWanner, Gerhard. | |
| 830 | 0 | _aSpringer series in computational mathematics. | |
| 942 |
_aSNS _cBK _k515.352 HAI |
||
| 999 |
_c355837 _d355837 |
||